[Event "Budapest Krenosz Memorial"]
[Site "Budapest"]
[Date "1976.06.25"]
[Round "9"]
[White "Hardicsay, Peter"]
[Black "Marszalek, Rafal"]
[Result "0-1"]
[WhiteElo "2340"]
[BlackElo "2395"]
[Annotator "Marszalek"]
[PlyCount "96"]
[EventDate "1976.06.16"]
[EventType "tourn"]
[EventRounds "15"]
[EventCountry "HUN"]
[SourceTitle "EXT 2021"]
[Source "ChessBase"]
[SourceDate "2020.10.23"]
[SourceVersion "1"]
[SourceVersionDate "2020.10.23"]
[SourceQuality "1"]

1. Nf3 d5 2. c4 c6 3. g3 Nf6 4. Qb3 dxc4 (4... Qb6) (4... g6) (4... e6) 5. Qxc4
Bf5 (5... g6 6. Bg2 Bg7 7. O-O O-O 8. d4 Bf5 9. Nc3 Nbd7 10. Qb3 Qb6 $11 {
Vadasz-Marszalek,1972}) 6. Bg2 Nbd7 7. Nc3 e6 8. O-O h6 9. e4 Bh7 10. e5 Nd5
11. d4 Be7 $11 12. Qe2 O-O 13. Be3 N7b6 14. Ne1 Nxe3 15. fxe3 Nd5 16. Be4 $1 c5
$1 17. Bxh7+ Kxh7 18. Rd1 cxd4 19. exd4 Rc8 20. Ne4 Qa5 21. a3 Qa4 $1 $15 22.
Rd3 Kg8 $6 (22... b6 23. Rdf3 f5 $17) 23. Qd2 b6 24. g4 $5 Qc4 25. Nc3 $2 (25.
g5 hxg5 26. Nxg5 Qc1) 25... Bg5 $1 $17 26. Qf2 (26. Qe2 Nf4) (26. Qd1 Ne3)
26... Qxd3 $1 27. Nxd3 (27. Nxd5 Qe4) 27... Be3 28. Nxd5 Bxf2+ 29. Rxf2 exd5
30. Rd2 Rfd8 31. Kf2 g5 $6 (31... a5 $142) 32. Ke3 a5 33. Rf2 Rc6 34. h4 $1 Rg6
$1 35. hxg5 Rxg5 36. Rf6 $6 (36. Kf3 $5 h5 37. gxh5 Rxh5 38. Nf4 Rh1) 36... Rg6
37. Kf4 Rxf6+ 38. exf6 Rd6 39. Ke5 Re6+ 40. Kf5 Rc6 41. Nf4 Rc2 42. b4 Ra2 43.
Nxd5 Rxa3 44. Ke4 axb4 45. Nxb4 Kf8 46. Nc6 Rg3 47. Ne5 b5 48. d5 b4 (48... b4
49. d6 Ke8 50. Kd5 Re3 $1 (50... b3 $4 51. d7+ Kd8 52. Kd6) 51. d7+ Kd8 52.
Nc6+ Kxd7 53. Nxb4 Rb3 $1) 0-1

[Event "EU-ch 18th"]
[Site "Minsk"]
[Date "2017.06.08"]
[Round "9"]
[White "Jones, Gawain C B"]
[Black "Jobava, Baadur"]
[Result "0-1"]
[WhiteElo "2654"]
[BlackElo "2713"]
[Annotator "Mekhitarian,K"]
[PlyCount "50"]
[EventDate "2017.05.30"]
[EventType "swiss"]
[EventRounds "11"]
[EventCountry "BLR"]
[SourceTitle "CBM 179"]
[Source "ChessBase"]
[SourceDate "2017.07.12"]
[SourceVersion "1"]
[SourceVersionDate "2017.07.12"]
[SourceQuality "1"]

1. c4 c6 2. Nf3 d5 3. g3 $5 {A challenging way to play against the solid Slav
setup (c6-d5).} dxc4 {Accepting the offer is one of the ways to play here. In
some cases, White may end up with a favourable version of a Catalan, if Black
plays simple developing moves like Nf6-e6-Be7.} ({For example:} 3... Nf6 4. Bg2
{developing the bishop now is very good advice} Bf5 $5 (4... e6 5. O-O Be7 6.
d4 O-O 7. Qc2 {followed by Nbd2 and e4, is supposed to be more confortable for
White}) (4... Bg4 $5) 5. cxd5 cxd5 6. Qb3 Nc6 $1 7. Qxb7 Bd7 8. Qb3 e5 $44 {
and Black has good play.}) (3... g6 $5 {trying to transpose to some sort of
Grünfeld fianchetto variation} 4. Bg2 Bg7 5. d4 Nf6 {where White has a lot of
options, like the simple 0-0 followed by cxd5, or b3!?, Qa4!?, Nbd2!?}) 4. Bg2
Nd7 {The standard line arrives after 4...Nf6, when Black prepares Nbd7 and Nb6.
But as we know, Jobava is anything but a standard player. He goes for a
creative approach, as expected} (4... Nf6 5. O-O Nbd7 6. Na3 Nb6 7. Qc2 {
and now Black decides between ...g6, giving the pawn back with a solid
position, and ...Be6, trying to hold on to c4, and embarking on complicated
positions} Be6 $5 (7... g6 8. Nxc4 Nxc4 9. Qxc4 Bg7 10. d3 O-O 11. Be3 Nd5 {
a typical move, that happens even if White does not play Be3} 12. Bd4 Nb6 13.
Qb4 Bxd4 14. Qxd4 Qxd4 15. Nxd4 a5 $11 {1/2-1/2 (15) Demuth,A (2529)-Banusz,T 
(2613) Karlsruhe 2017}) 8. Ne5 {there are some recent examples here, like
Adams-So, played in Shamkir, 2017} Qd4 (8... h5 $5 9. b3 cxb3 10. axb3 h4 11.
Bb2 Qc8 12. Rfc1 hxg3 13. hxg3 Bd5 14. Nf3 g6 15. Nc4 Bg7 $13 {½-½ (41)
Adams,M (2761)-So,W (2822) Shamkir 2017 Black is a pawn up, but the position
remains very complicated.}) 9. Nxc6 $1 bxc6 10. Bxc6+ Kd8 11. Nb5 Qc5 12. Bxa8
Qxb5 13. Bg2 Bd7 $146 (13... h5 14. a4 $1 Qb3 15. Qxb3 cxb3 16. e4 $16 {
1-0 (41) Medvegy,Z (2552)-Csonka,B (2354) Zalakaros 2013 with a strong
initiative, White has the advantage.}) 14. b3 e5 $1 15. Rb1 cxb3 16. Rxb3 Qxe2
17. Ba3 Bxa3 18. Rxa3 Qc4 19. Qb1 Ke7 20. Rxa7 Qd4 $11 {½-½ (48) Aronian,L 
(2830)-Andreikin,D (2709) Khanty-Mansiysk 2014, again with a complicated
middlegame, that should be ok for Black. Andreikin ended up in trouble, but
saved the game.}) 5. Na3 (5. O-O {it is interesting to know if Jobava would
stick to 5...e5 here, stepping out of the main lines.}) 5... e5 $5 6. Qc2 {
Threatening Nxc4, without having to deal with e4.} (6. Nxc4 e4 7. Nh4 {should
be the most challenging} ({even} 7. Ng1 $5 {is playable here, trying to
prepare a quick d3}) 7... Ngf6 8. O-O Nb6 $1 {threatening a cool g5, winning
the h4-knight} (8... Be7 $2 {allows d3 with a quick Nf5 to follow} 9. d3 $1 $16
) 9. Ne3 {keeping control of f5} Be6 {possibly preparing ...Qd7 for ...g5} 10.
Qc2 (10. d3 exd3 $11 {and Black is ok}) 10... g6 $5 (10... Be7 $5 11. Bxe4 Nxe4
12. Qxe4 O-O $44) 11. Bxe4 Nxe4 12. Qxe4 Bg7 $44) 6... b5 {Brave and objective!
} (6... Bxa3 $5 7. bxa3 Ngf6 8. Qxc4 O-O $11 {was playable, but I like
Jobava's move better, tyring to keep the additional material.}) 7. O-O Ngf6 {
This is all very provocative, but White has to find out how to open the
position properly.} 8. b3 {A typical move to open lines.} (8. d4 $5 {was an
interesting way to take advantage of the better development} e4 (8... cxd3 9.
Qxc6 (9. exd3 $5 {hitting c6 and bringing about Re1 quickly (or even d4!?)})
9... Rb8 10. Nxb5 Bc5) 9. Ng5 Bxa3 10. bxa3 Nb6 11. Nxe4 Bf5 $13 {with a very
unbalanced middlegame.}) 8... Bc5 $5 9. bxc4 b4 $1 {Black will soon be able to
castle, but this is an important move, to put the knight on a bad square.} 10.
Nb1 $6 (10. d4 $1 {a very creative and strong move to bring the knight back
into play. It was very hard to understand the need for this move, but the game
will show that} exd4 11. Nb1 O-O 12. Nbd2 $36 {with Nb3 to follow.}) 10... e4
11. Ng5 {A natural move. 11.Ne1 is possible, but not really appealing.} (11.
Ne1 $5 {followed by Bb2, and e3/d3.}) 11... Bd4 12. Bb2 Nc5 $1 {Suddenly Black
has great piece coordination in the centre, and White hasn't been able to do
much and still has to solve the b1-knight situation.} 13. Nxe4 $2 (13. d3 $1 {
was the only way to avoid a bad position to develop the queenside, but Black
is already more confortable anyway} exd3 14. exd3 (14. Bxc6+ $2 Bd7 15. Bxd7+
Nfxd7 $1 16. exd3 Bxb2 17. Qxb2 Qxg5 $19) 14... O-O 15. Bxd4 Qxd4 16. Nd2 Nxd3
17. Nb3 $1 Qc3 18. Qxc3 bxc3 19. Nc1 $1 Rd8 20. Nxd3 Rxd3 21. Rfc1 $11 {
and White will regain the c3-pawn, with probable equality.}) 13... Nfxe4 14.
Bxe4 O-O $1 15. d3 (15. Bxh7+ Kh8 {and White loses a piece, there is no way to
escape with the bishop} 16. Bd3 Bxb2 17. Qxb2 Nxd3 18. exd3 Bh3 {is worse than
losing a piece} 19. Re1 Qxd3 $19 {followed by either ...Qf3 or Rae8.}) (15.
Bxc6 Bh3 $1 16. Bg2 Bxg2 17. Kxg2 Qf6 $1 {wins right away} 18. Bxd4 Qxd4 19. e3
Qxa1 20. Nc3 b3 $1 21. Qf5 b2 $1 22. Qxc5 Rac8 23. Qxa7 Qc1 $1 $19 {and White
should resign soon.}) 15... Nxe4 16. dxe4 Bh3 17. Re1 f5 $1 $17 {Precise play,
White has no time to develop his queenside while Black is activating
everything towards the white king.} 18. e3 (18. c5 $1 {was the last chance for
survival, or at least would force Black to find something more concrete than ..
.Bxb2 and ...fxe4, that fails now} Bxf2+ $1 (18... Bxb2 $2 19. Qxb2 fxe4 20.
Nd2 $13 {Qxb4 is coming now against ...Qe7}) 19. Kxf2 fxe4+ 20. Kg1 e3 {
threatening ...Rf2.} 21. Nc3 bxc3 22. Qxc3 Qg5 $1 $19 {with a very strong
attack, should be winning for Black.}) 18... Bxb2 19. Qxb2 fxe4 20. Nd2 (20.
Qxb4 $2 Qf6 $19 {followed by ...Qf3.}) 20... Qe7 $19 {Now Black is simply
winning by pulling together all the forces on the kingside.} 21. Nb3 Rf6 $1 22.
c5 Raf8 23. Rac1 {This ends the resistance, but it was very hard anyway,} (23.
Re2 h5 $1 24. Nd4 h4 $19 {with a deadly attack, Black has many possible
attacking patterns, using the h-file after ...hxg3 hxg3 (fxg3 is not possible
because of the mate on f1).}) 23... Rxf2 $1 24. Qxf2 Rxf2 25. Kxf2 Qf6+ {
White resigns because of 26.Kg1 Qb2! with unstoppable mate.} 0-1

[Event "Metz op 30th"]
[Site "Metz"]
[Date "2012.04.23"]
[Round "3"]
[White "Maiorov, Nikita"]
[Black "Lalic, Bogdan"]
[Result "1/2-1/2"]
[WhiteElo "2552"]
[BlackElo "2469"]
[Annotator "Metz Alekhine/Primel,D"]
[PlyCount "92"]
[EventDate "2012.04.14"]
[EventType "swiss"]
[EventRounds "9"]
[EventCountry "FRA"]
[SourceTitle "EXT 2013"]
[Source "ChessBase"]
[SourceDate "2012.11.22"]
[SourceVersion "1"]
[SourceVersionDate "2012.11.22"]
[SourceQuality "1"]

1. d4 {01h30} Nf6 2. c4 g6 3. g3 c6 4. Bg2 d5 5. Qa4 $5 {Trés peu joué} Bg7 6.
cxd5 Nxd5 7. Nf3 O-O 8. O-O Bg4 9. Rd1 (9. Nbd2 Qb6 10. h3 Bxf3 11. Nxf3 Nd7
12. e4 Nc7 13. Be3 Qb5 14. Qc2 a5 15. a4 Qa6 16. Rfd1 Rac8 17. Rac1 Rfe8 18. h4
Nf6 19. Ne5 e6 20. Qb3 Rcd8 21. Bf3 Qa8 22. Qb6 Rc8 23. Nc4 Nd7 24. Qxa5 Qxa5
25. Nxa5 Rb8 26. d5 exd5 27. exd5 Ne5 28. Bg2 Nxd5 29. Bxd5 cxd5 30. Rxd5 b6
31. Nc6 Nxc6 32. Rxc6 Bxb2 33. Rxb6 Rxb6 34. Bxb6 Re4 35. a5 Ra4 36. Kg2 Kg7
37. Rd8 Bc3 38. Ra8 Bd4 {Grischuk,A (2711)-Radjabov,T (2735) Odessa 2008 1/2-1/
2}) 9... Nb6 $146 (9... Qc8 10. e4 Nb6 11. Qc2 e5 12. dxe5 N8d7 13. h3 Bxf3 14.
Bxf3 Nxe5 15. Bg2 Rd8 16. Nc3 Rxd1+ 17. Nxd1 Qd7 18. Rb1 Qd3 19. Qxd3 Nxd3 20.
b3 Nxc1 21. Rxc1 Rd8 22. Ne3 a5 23. Kf1 a4 24. Ke2 Kf8 25. f4 axb3 26. axb3 Ra8
27. Rd1 Ke7 28. e5 f6 29. exf6+ Bxf6 30. Nc4 Nxc4 {1/2-1/2 (30) Cornette,M 
(2567)-Mosquera,M (2395) Barbera del Valles 2012}) 10. Qc2 {77} (10. Qa3 $5 {
[%csl Re7][%cal Gc1g5]}) (10. Qb3) 10... Qc8 11. Bg5 Re8 12. Nc3 Bh3 13. e4 $1
Bxg2 14. Kxg2 $14 N8d7 15. Rac1 $32 {[%csl Rc8] 60} e5 16. d5 h6 17. Be3 cxd5
18. Nxd5 Qxc2 19. Rxc2 Nxd5 20. exd5 (20. Rxd5 $5 Nf6 21. Rxe5 Rxe5 (21... Nxe4
22. Rxe8+ Rxe8 23. Rc7 Nd6 (23... Bxb2 24. Rxb7 Bg7 25. Rxa7 {[%csl Ga2]})) 22.
Nxe5 Nxe4 23. Nf3 (23. Ng4 Kh7 24. Rc7 h5)) 20... Rac8 21. Rdc1 Rxc2 22. Rxc2
e4 23. Nd2 Nf6 24. d6 $5 Rd8 25. Rc7 {38} Rxd6 26. Rxb7 a6 27. Rb8+ Kh7 28. Nc4
Rc6 29. b3 Nd5 30. Bd2 f5 31. a4 g5 32. Rd8 Nb6 33. Na5 (33. Nxb6 Rxb6 34. b4)
33... Re6 34. Be3 Bf6 35. Rd1 Kg6 36. Nb7 Nc8 37. Nc5 Rc6 38. Nd7 Bb2 39. b4
Rc4 (39... Kf7) 40. b5 $36 axb5 41. axb5 Rc7 42. Rd5 Rb7 43. b6 f4 $1 44. gxf4
(44. Nf8+ $1 {Les Blancs avaient des bonnes chances de gain dans cette
variante.} Kg7 (44... Kf6) 45. Rd7+ {[%cal Gd7g7,Gd7b7]} Rxd7 46. Nxd7 {
[%cal Gb6b7]} Nd6 47. gxf4) 44... gxf4 45. Bc5 (45. Nf8+ Kf7 46. Rd7+) 45...
Kf7 46. Nf8 {Trop tard!} f3+ 1/2-1/2

[Event "Metz op 30th"]
[Site "Metz"]
[Date "2012.04.23"]
[Round "2"]
[White "Romanishin, Oleg M"]
[Black "Bujisho, Benjamin"]
[Result "1/2-1/2"]
[WhiteElo "2541"]
[BlackElo "2381"]
[Annotator "Metz Alekhine/Primel,D"]
[PlyCount "73"]
[EventDate "2012.04.14"]
[EventType "swiss"]
[EventRounds "9"]
[EventCountry "FRA"]
[SourceTitle "EXT 2013"]
[Source "ChessBase"]
[SourceDate "2012.11.22"]
[SourceVersion "1"]
[SourceVersionDate "2012.11.22"]
[SourceQuality "1"]

1. Nf3 d5 2. g3 c6 3. Bg2 Bg4 4. c4 e6 5. Qb3 Qb6 6. Ne5 (6. O-O Nd7 7. d4 Ngf6
8. Nc3 Be7 9. h3 Bh5 10. g4 Bg6 11. Ne5 Nxe5 12. dxe5 Nd7 13. cxd5 Qxb3 14.
axb3 exd5 15. e4 dxe4 16. Nxe4 Nxe5 17. Bf4 Nd3 18. Bc7 O-O 19. Rfd1 Bxe4 20.
Bxe4 Nc5 21. Bc2 g6 22. b4 Ne6 23. Rd7 Bxb4 24. Bg3 Nc5 25. Rc7 Rad8 26. Bf4 a5
27. Be3 Rd7 28. Rxd7 Nxd7 29. Rd1 Nf6 30. Bb3 Re8 31. g5 Nd5 32. Bxd5 cxd5 33.
Rxd5 Kf8 34. Bd4 Re6 35. Bf6 Be7 {Andreikin,D (2700)-Morozevich,A (2770)
Astana 2012 1/2-1/2}) 6... Qxb3 7. axb3 Bf5 8. d3 $14 Nf6 9. Nc3 Nbd7 10. Nxd7
Nxd7 (10... Kxd7 11. e4 Bg6) 11. Be3 a6 12. O-O $32 Bd6 13. Na4 O-O 14. Nb6
Nxb6 15. Bxb6 Bg4 16. f3 Bh5 17. e4 $14 {[%csl Rh5]} dxe4 18. dxe4 f5 19. Rad1
Be5 20. Rd2 f4 {[%csl Rg2]} 21. g4 Be8 22. Rfd1 $14 Kf7 23. b4 (23. Bf1) 23...
g5 24. Bf1 Bf6 25. c5 Be7 26. Bc4 h5 27. Rd6 (27. h3 hxg4 28. hxg4 Rh8 29. Kg2)
27... Bxd6 28. Rxd6 $44 Kg7 29. Bxe6 {[%csl Ge4]} Bf7 30. Bf5 hxg4 31. Bxg4
Rfe8 32. Bc7 Re7 $6 33. Bd8 $1 {[%csl Re7,Rg5][%cal Gd8f6]} Re8 34. Bf6+ {
Belle démonstration technique de la paire de B} Kg8 35. Bc3 {Le GMI veut
surcontroler la case "a5" mais c'est au détriment du contrôle de la case "d8"}
(35. Bxg5 a5) 35... Rad8 36. Rh6 $40 {[%csl Rg8][%cal Gh6h8,Gc3f6] Une attaque
venue de nulle part} Kf8 37. e5 (37. Bf6 Rd2 38. Rh8+ Bg8 39. Bh5 Re6 40. e5)
1/2-1/2